000 00922nam a22002531 4500
001 sa 67001695
003 DLC
005 20260227112325.0
008 790516s1965 ii 100 0 eng
010 _asa 67001695
040 _aDLC
_cDLC
_dDLC
043 _aa-ii---
050 0 0 _aHD8682
_b.N35 1965
082 0 0 _a331/.0954
111 2 _aNational Seminar on Industrial Relations in a Developing Economy,
_b1st,
_cNew Delhi, India,
_d1965.
245 1 0 _aContours of labour policy, being a report of the seminar ...
_bheld at New Delhi in February-March 1965.
_cEdited by K. N. Vaid.
260 _a[New Delhi]
_bShri Ram Centre Press
_c[1965]
300 _avi, 74 p.
_c22 cm.
350 _aRs3
_a$1.25
500 _aOrganized by the Shri Ram Centre for Industrial Relations.
650 0 _aIndustrial relations
_zIndia
_xCongresses.
700 1 _aVaid, K. N.,
_eed.
710 2 _aShri Ram Centre for Industrial Relations.
999 _c72815
_d72815